Представление документа в формате MARC21

Поле Инд. ПП Название Значение
Тип записи a
Библиографический уровень a
001 Контрольный номер 95401133721f4ce49337d547467a33ee
005 Дата корректировки 20170302102658.8
020 a ISBN 5-02-010266-0
040 a Служба первич. каталог. НБ ТвГУ
b Код языка каталог. rus
e Правила каталог. PSBO
041 0_ a Код языка текста rus
097 b Оператор novikova
100 1_ a Автор Павлова Анастасия Николаевна
q Полное имя Павлова А. Н.
245 10 a Заглавие Научная и научно-популярная литература по истории, экономике, праву и культуре стран Северной Европы на русском языке (2002-2004)
260 a Место издания Москва
b Издательство Наука
520 0_ a Аннотация Представлен список научно-популярной литературы по истории, экономике, праву и культуре стран Северной Европы на русском языке за период 2002-2004 гг.
653 0_ a Ключевые слова Северная Европа
a Ключевые слова 2002-2004 гг.
a Ключевые слова Научно-популярная литература по истории стран Северной Европы
a Ключевые слова Список литературы по истории стран Северной Европы
773 18 w Контрольный № источника RU/IS/BASE/318428191
t Название источника Северная Европа
d Место и дата издания Москва : Наука, 2005
g Прочая информация Вып. 5. - С. 356-405
901 t Тип документа a
920 a Оператор Нови